00658nam a2200157Ia 4500008004100000100001800041245007800059245012100137260005300258260000900311300001200320650001500332856006100347999001900408952007300427170221s9999 xx 000 0 und d aIvan N. Chuev aInnovation and Integrated Structures of the Innovations in Modern Russia  cIvan N. Chuev, Tatiana M. Panchenko, Vladimir S. Novikov, Olga A. Konnova, Nadezhda G. Iraeva, Irina S. Karabulatova bInternational Review of Management and Marketing c2016 a15 : 14 xMarketing. uhttp://www.econjournals.com/index.php/irmm/issue/view/70 c312107d312107 001040aCLbCLd2017-02-21l0r2017-02-21 00:00:00w2017-02-21yFOJ